[Event "Reykjavik op"]
[Site "Reykjavik"]
[Date "2025.04.12"]
[Round "5"]
[White "Frey, Charles F"]
[Black "Jacobs, Simon"]
[Result "1/2-1/2"]
[WhiteElo "1871"]
[BlackElo "1754"]
[PlyCount "155"]
[EventDate "2025.04.09"]
[EventType "swiss"]
[EventRounds "9"]
[EventCountry "ISL"]
[SourceTitle "CB17_2025"]
[SourceDate "2025.04.23"]
[SourceVersion "1"]
[SourceVersionDate "2025.04.23"]
[SourceQuality "1"]

1. e4 c6 2. d4 d5 3. e5 c5 4. c3 Nc6 5. Nf3 cxd4 6. cxd4 Bg4 7. Be3 e6 8. a3 Nge7 9. Be2 Nf5 10. 0-0 Be7 11. h3 Bxf3 12. Bxf3 Qb6 13. Qa4 Nxe3 14. fxe3 Qxb2 15. Nc3 Qxc3 16. Kf2 Qd3 17. Rfd1 Qg6 18. Rab1 0-0 19. Rxb7 Bh4+ 20. Kf1 Ne7 21. g4 Qg5 22. Ke2 f5 23. exf6 Qxf6 24. Rf1 Ng6 25. Rxa7 Rxa7 26. Qxa7 Qe7 27. Qa6 Rb8 28. Rc1 Nf8 29. Rc3 Qb7 30. Qd3 Qb1 31. Qxb1 Rxb1 32. e4 dxe4 33. Bxe4 Ra1 34. d5 Re1+ 35. Kd3 exd5 36. Bxd5+ Ne6 37. a4 Kf8 38. Kc4 Bd8 39. Bb7 Ra1 40. Bc6 Ke7 41. Rd3 Rc1+ 42. Rc3 Rxc3+ 43. Kxc3 Kd6 44. Be4 h6 45. Bg2 Kc5 46. Bf1 Nf4 47. Kd2 Kb4 48. Ke3 Nd5+ 49. Ke4 Nc3+ 50. Kf5 Nxa4 51. Kg6 Bf6 52. Kh5 Nc5 53. h4 Ne6 54. g5 hxg5 55. hxg5 Nxg5 56. Kg6 Kc5 57. Kf5 Kd4 58. Bb5 Nf7 59. Kf4 Be5+ 60. Kg4 Nd6 61. Bd7 Ne4 62. Be6 g5 63. Bc8 Bf4 64. Bb7 Ke3 65. Bc8 Nf2+ 66. Kh5 Kf3 67. Bb7+ Kg3 68. Bc8 Be3 69. Bf5 Kf4 70. Bc8 Ne4 71. Be6 Ng3+ 72. Kg6 Ke5 73. Bc8 Ne4 74. Bd7 Nc5 75. Bc8 Ne6 76. Kh5 Kf5 77. Bd7 Kf6 78. Kg4 1/2-1/2